000
00297nam a2200109Ia 4500
008
220204s9999 xx 000 0 und d
082
_a
82-94=573.14
_b
SUK
100
_a
Suku Palkkulangara
245
0
_a
Oral oru yugam (Malayalam)
260
_a
Thiruvananthapuram
_b
Nin Krupa books
_c
2017
942
_c
BK
999
_c
44756
_d
44756